[Event "Schweinfurt op 29th"]
[Site "Schweinfurt"]
[Date "2019.06.23"]
[Round "7"]
[White "Roth, Claudia"]
[Black "Buld, Lukas"]
[Result "1/2-1/2"]
[WhiteElo "1052"]
[BlackElo "1227"]
[PlyCount "42"]
[EventDate "2019.06.20"]
[EventType "swiss"]
[EventRounds "7"]
[EventCountry "GER"]
[SourceTitle "CBM 191 Extra"]
[Source "ChessBase"]
[SourceDate "2019.09.30"]
[SourceVersion "1"]
[SourceVersionDate "2019.09.30"]
[SourceQuality "1"]

1. e4 e5 2. Nf3 Nc6 3. d4 exd4 4. Nxd4 Bc5 5. Be3 Nxd4 6. Bxd4 Bxd4 7. Qxd4 f6 8. Nc3 d6 9. 0-0-0 Be6 10. b3 a6 11. h3 Qd7 12. f4 0-0-0 13. a4 c5 14. Qd2 f5 15. exf5 Bxf5 16. Nd5 Kb8 17. Nb6 Qc6 18. a5 Ne7 19. Rg1 d5 20. g3 Be6 21. Bg2 g6 1/2-1/2

[Event "Schweinfurt op 29th"]
[Site "Schweinfurt"]
[Date "2019.06.21"]
[Round "3"]
[White "Roess, Jonas"]
[Black "Buld, Lukas"]
[Result "1-0"]
[WhiteElo "1478"]
[BlackElo "1227"]
[PlyCount "171"]
[EventDate "2019.06.20"]
[EventType "swiss"]
[EventRounds "7"]
[EventCountry "GER"]
[SourceTitle "CBM 191 Extra"]
[Source "ChessBase"]
[SourceDate "2019.09.30"]
[SourceVersion "1"]
[SourceVersionDate "2019.09.30"]
[SourceQuality "1"]

1. e4 e5 2. d4 exd4 3. Nf3 Bc5 4. Bc4 Qe7 5. 0-0 Nh6 6. Bg5 Qd6 7. Qd2 Ng4 8. Bf4 Qb6 9. c3 d3 10. h3 Nf6 11. Qxd3 d6 12. Ng5 0-0 13. e5 dxe5 14. Bxe5 Nbd7 15. Bxf6 Nxf6 16. Nd2 h6 17. Nxf7 Rxf7 18. Qd8+ Bf8 19. Nf3 Qc5 20. Bb3 b6 21. Bxf7+ Kxf7 22. Rfe1 Bb7 23. Ne5+ Kg8 24. Qd3 Bd6 25. Qc4+ Qd5 26. Qxd5+ Nxd5 27. c4 Nf4 28. f3 Re8 29. Ng4 Re2 30. Rxe2 Nxe2+ 31. Kf2 Ng3 32. Rd1 Nf5 33. Kg1 h5 34. Nf2 Ne3 35. Rc1 Nf5 36. b3 Ne7 37. Rc2 Nc6 38. Ne4 Be5 39. Rd2 Nd4 40. Kf1 c5 41. Rd1 Bc6 42. Kf2 h4 43. Ke3 a5 44. f4 Nf5+ 45. Kf3 Bd4 46. Re1 a4 47. bxa4 Bxa4 48. Rb1 Ne3 49. Ng5 Nxc4 50. Kg4 Bc6 51. Kxh4 Bxg2 52. a4 Nb2 53. Kg3 Bc6 54. Ne6 Nxa4 55. Nxd4 cxd4 56. Kf2 Be4 57. Rb4 Nc3 58. Rxd4 b5 59. Ke3 Bc6 60. Rd8+ Kf7 61. Rc8 Nd5+ 62. Kd4 Ne7 63. Rb8 Ke6 64. Kc5 Nd5 65. Kxc6 Nxf4 66. Rxb5 Nxh3 67. Rb3 Nf4 68. Re3+ Kf5 69. Rg3 g5 70. Kd6 Ne2 71. Re3 Nf4 72. Re5+ Kg4 73. Re4 Kf3 74. Ke5 Nd3+ 75. Kf5 Nf2 76. Ra4 g4 77. Ra3+ Ke2 78. Rg3 Nd1 79. Kxg4 Nf2+ 80. Kf4 Nd3+ 81. Ke4 Nf2+ 82. Kd4 Nh1 83. Rg1 Nf2 84. Ra1 Kf3 85. Ra8 Ne4 86. Rf8+ 1-0